State Quiz: Colorado Stats

 Plays Quiz Updated Dec 6, 2018

Challenge
Share
Tweet
Embed
Score 0/41 Timer 10:00
0 Plays Today
Hint Answer % Correct
Largest CityDenver
97.3%
CapitalDenver
97.3%
Bordering StateUtah
94.5%
Bordering StateNew Mexico
92.8%
Bordering StateWyoming
92.6%
Bordering StateArizona
90.1%
Bordering StateKansas
89.4%
Bordering StateNebraska
88.3%
Color on FlagBlue
87.6%
Time ZoneMountain
86.9%
MLB TeamColorado Rockies
86.8%
Color on FlagWhite
86.6%
Color on FlagRed
86.5%
NFL TeamDenver Broncos
85.4%
Bordering StateOklahoma
84.3%
Color on FlagYellow
83.1%
Second Largest CityColorado Springs
78.5%
NBA TeamDenver Nuggets
77.8%
Mountain RangeRocky Mountains
71.8%
NHL TeamColorado Avalanche
69.9%
National ParkRocky Mountain National Park
68.9%
Hint Answer % Correct
Name of Famous Geographical IntersectionFour Corners
68.4%
# State to Enter Union38th
67.9%
Number of Representatives 7
64.8%
Name of Divide Running Through ColoradoContinental Divide of the Americas
61.8%
DemonymColoradan
60.3%
Third Largest CityAurora
52%
Date Entered UnionAugust 1, 1876
51.8%
MLS TeamColorado Rapids
31.8%
NicknameCentennial State
29.9%
State FlowerColumbine
29.8%
GovernorJared Polis (D)
27.2%
Largest LakeGrand Lake
25.8%
Longest River (1,469 miles)Arkansas River
25.1%
Highest Point (14,440 ft.)Mount Elbert
22.7%
National ParkMesa Verde National Park
20.7%
National ParkGreat Sand Dunes National Park and Preserve
17.3%
US SenatorCory Gardner (R)
16.9%
National ParkBlack Canyon of the Gunnison National Park
14.5%
US SenatorMichael Bennet (D)
14.2%
Lowest Point (3,317 ft.)Arikaree River
5%

You're not logged in!

Compare scores with friends on all Sporcle quizzes.
OR
Log In

You Might Also Like...

Show Comments

Extras

Top Quizzes Today


Score Distribution

Your Account Isn't Verified!

In order to create a playlist on Sporcle, you need to verify the email address you used during registration. Go to your Sporcle Settings to finish the process.

Report this User

Report this user for behavior that violates our Community Guidelines.

Details: